Т. 70, № 6; Инженерно-физический журнал

Détails bibliographiques
Parent link:Инженерно-физический журнал=Journal of Engineering Physics and Thermophysics: научный журнал/ Национальная академия наук Беларуси (НАНБ, НАН Беларуси), Институт тепло- и массообмена им. А. В. Лыкова (ИТМО). Т. 70, № 6.— , 1958-
Langue:russe
Publié: 1997
Format: Livre
KOHA link:https://koha.lib.tpu.ru/cgi-bin/koha/opac-detail.pl?biblionumber=494783

MARC

LEADER 00000nam2a2200000 4500
001 494783
005 20231101100650.0
035 |a (RuTPU)RU\TPU\prd\164340 
035 |a RU\TPU\prd\164339 
090 |a 494783 
100 |a 20130110a19979999k y0rusy50 ca 
101 0 |a rus 
102 |a BY 
200 0 |a Т. 70, № 6 
210 |d 1997 
461 1 |0 (RuTPU)RU\TPU\prd\1514  |t Инженерно-физический журнал  |l Journal of Engineering Physics and Thermophysics  |o научный журнал  |f Национальная академия наук Беларуси (НАНБ, НАН Беларуси), Институт тепло- и массообмена им. А. В. Лыкова (ИТМО)  |v Т. 70, № 6  |d 1958- 
801 0 |a RU  |b 63413507  |c 20010227  |g PSBO 
801 1 |a RU  |b 63413507  |c 20121217 
801 2 |a RU  |b 63413507  |c 20130110  |g RCR 
942 |c BK 
999 |a НТБ_ТПУ  |b НФ  |e -4/20130109  |p П-6347  |u 0,00  |v 1  |x 32207